British Birds by Picture - Falcons and Kestrels - Statistics

General Stats
  • This quiz has been taken 14 times
    7 since last reset
  • The average score is 8 of 10
Answer Stats
Picture Hint Answer % Correct
Falco tinnunculus Common Kestrel
100%
Falco subbuteo (*) Eurasian Hobby
100%
Falco columbarius (*) Merlin
100%
Falco peregrinus Peregrine Falcon
100%
Falco sparverius American Kestrel
80%
Falco eleonorae Eleonora's Falcon
80%
Falco rusticolus Gyrfalcon
80%
Falco vespertinus Red-Footed Falcon
80%
Falco amurensis Amur Falcon
60%
Falco naumanni Lesser Kestrel
60%
No matching quizzes found
Score Distribution
Percent of People with Each Score
Percentile by Number Answered
Your Score History
You have not taken this quiz since the last reset